Relatos de nación la construcción de las identidades nacionales en el mundo hispánico
Salvato in:
| Altri autori: | |
|---|---|
| Natura: | Sconosciuto |
| Lingua: | Spanish |
| Pubblicazione: |
Madrid : Frankfurt am Main
Iberoamericana : Vervuert
2005
|
| Soggetti: | |
| Tags: |
Aggiungi Tag
Nessun Tag, puoi essere il primo ad aggiungerne!!
|
MARC
| LEADER | 000000000a22000000004500 | ||
|---|---|---|---|
| 001 | 000252 | ||
| 008 | 140604s2008 e a|||f |||| 00| 0 spa d | ||
| 020 | |a 978-84-8489-222-9 | ||
| 041 | 0 | |a español | |
| 082 | |a 305.868 |b R382r | ||
| 245 | 1 | 0 | |a Relatos de nación |b la construcción de las identidades nacionales en el mundo hispánico |c edición de Francisco Colom González |
| 260 | |a Madrid : Frankfurt am Main |b Iberoamericana : Vervuert |c 2005 | ||
| 300 | |a 2 volumenes |b ilustraciones | ||
| 500 | |a Número de inscripción 12999 (volumen 2) y 12998 (volumen 1)-- 978-84-8489-222-9 (Iberoamericana, obra completa)--978-84-8489-196-3 (Iberoamericana, v.1.)--978-3-86527-201-1(Vervuert)--8484892212 (Iberoamericana (v.2) | ||
| 505 | |a Contenido: v.1: Los lenguajes políticos de la emancipación--Una identidad para las nuevas naciones: los debates fundacionales--La configuración de un orden liberal: Estados, ciudadanos y derechos-En pos de la cultura nacional: los discursos del territorio, la identidad y el proceso.--v.2: La elaboración de la memoria histórica--La tez de la nación: homogeneidad cívica y diversidad étnica--Identidades complejas y construcciones tardías--La cultura política del antiliberalismos iberoamericano--La nación en imágenes | ||
| 650 | 4 | |a CARACTERISTICAS NACIONALES LATINOAMERICANAS | |
| 650 | 4 | |a AMERICA LATINA |x CIVILIZACION |x HISTORIA |y 1800-1930 | |
| 700 | 1 | 2 | |a Colom González, Francisco |j editor |
| 942 | |2 ddc |c BK | ||
| 999 | |c 1072 |d 1072 | ||



